000 00483nam a2200181Ia 4500
008 230711s9999||||xx |||||||||||||| ||und||
020 _a978-0-07-462292-6
041 _aENG
082 _a621.3
_bNA-E
100 _aNaidu,MS
245 0 _aIntroduction to Electrical Engineering
250 _aR/25th Ed.
260 _c2016
_aNew Delhi
_bMcGraw Hill Education(India) Private Limited
300 _a741p.
650 _aElectrical Engineering
700 _aKamakshaiah,S
942 _cBK
999 _c6230
_d6230